Loading...
| History - American History | 0 | 5 | 0 | 0 | 50 | 93 | 99.60 | 1 | 2 |
| Fine Arts - Classical Music | 0 | 5 | 0 | 0 | 50 | 80 | 112.80 | 0 | 0 |
| Literature - British Literature | 0 | 3 | 0 | 1 | 30 | 127 | 138.67 | 0 | 0 |
| Other Academic | 0 | 3 | 0 | 2 | 30 | 135 | 147.00 | 0 | 0 |
| Fine Arts - Other Fine Arts | 0 | 3 | 0 | 0 | 30 | 111 | 138.00 | 0 | 0 |
| Fine Arts - Painting & Sculpture | 0 | 3 | 0 | 1 | 30 | 147 | 154.67 | 0 | 0 |
| Literature - World Literature | 0 | 3 | 1 | 0 | 25 | 93 | 134.67 | 0 | 0 |
| Literature - European Literature | 0 | 2 | 0 | 1 | 20 | 153 | 155.00 | 0 | 0 |
| Literature - American Literature | 0 | 2 | 1 | 0 | 15 | 144 | 148.50 | 0 | 0 |
| Social Science | 0 | 1 | 0 | 1 | 10 | 140 | 140.00 | 0 | 0 |
| History - European History | 0 | 1 | 0 | 1 | 10 | 116 | 116.00 | 0 | 0 |
| History - Other History | 0 | 1 | 0 | 0 | 10 | 81 | 81.00 | 0 | 1 |
| History - World History | 0 | 1 | 0 | 0 | 10 | 101 | 101.00 | 0 | 0 |
| Mythology | 0 | 1 | 0 | 0 | 10 | 137 | 137.00 | 0 | 0 |
| Science - Biology | 0 | 1 | 0 | 0 | 10 | 117 | 117.00 | 0 | 0 |
| Current Events | 0 | 1 | 0 | 0 | 10 | 122 | 122.00 | 0 | 0 |
| Religion | 0 | 1 | 1 | 1 | 5 | 142 | 142.00 | 0 | 0 |
| Philosophy | 0 | 0 | 0 | 0 | 0 | 0.00 | 0 | 0 |